Countries of Africa with Map - Statistics

General Stats
  • This quiz has been taken 179 times
  • The average score is 48 of 54
Answers on the Map
Answers color-coded by a green-red scale on the quiz's map according to % correct below.
 
Answer Stats
Continent Country % Correct
Africa South Africa
100%
Africa Algeria
99%
Africa Democratic Republic of the Congo
99%
Africa Egypt
99%
Africa Madagascar
99%
Africa Republic of the Congo
99%
Africa Chad
96%
Africa Libya
96%
Africa Niger
96%
Africa Nigeria
96%
Africa Ethiopia
94%
Africa Kenya
94%
Africa Somalia
94%
Africa Ghana
93%
Africa Morocco
93%
Africa South Sudan
93%
Africa Guinea
92%
Africa Sudan
92%
Africa Zimbabwe
92%
Africa Central African Republic
90%
Africa Lesotho
90%
Africa Mali
90%
Africa Tunisia
90%
Africa Zambia
90%
Africa Guinea-Bissau
89%
Africa Ivory Coast
89%
Africa Mozambique
89%
Africa Senegal
89%
Africa Angola
88%
Africa Botswana
88%
Africa Eswatini
88%
Africa Tanzania
88%
Africa Eritrea
86%
Africa Gambia
86%
Africa Mauritania
86%
Africa Namibia
86%
Africa Rwanda
86%
Africa Uganda
86%
Africa Burundi
85%
Africa Cameroon
85%
Africa Burkina Faso
83%
Africa Cape Verde
83%
Africa Malawi
83%
Africa Seychelles
83%
Africa Equatorial Guinea
82%
Africa Liberia
82%
Africa Mauritius
82%
Africa Djibouti
81%
Africa Togo
81%
Africa Benin
79%
Africa Gabon
79%
Africa Comoros
78%
Africa Sierra Leone
75%
Africa São Tomé and Príncipe
72%
No matching quizzes found
Score Distribution
Percent of People with Each Score
Percentile by Number Answered
Your Score History
You have not taken this quiz